[Event "25. Torneo San Viator 2015"]
[Site "Madrid ESP"]
[Date "2015.10.04"]
[Round "1.27"]
[White "Jimenez Elices, Jose Maria"]
[Black "Lopez Ziegler, Juan Jose"]
[Result "1/2-1/2"]
[WhiteElo "1883"]
[BlackElo "1543"]
[PlyCount "68"]
[EventDate "2015.10.04"]
[EventType "swiss"]
[EventRounds "9"]
[EventCountry "ESP"]
[Source "lmi"]
[SourceDate "2015.10.04"]

1. e4 e6 2. d4 d5 3. Nc3 dxe4 4. Nxe4 Nf6 5. Bd3 Nbd7 6. Nxf6+ Nxf6 7. Nf3 h6
8. Qe2 Be7 9. c3 O-O 10. O-O Bd7 11. Ne5 c5 12. Be3 Qc7 13. Nxd7 Nxd7 14. Rad1
Rad8 15. Bb1 Nf6 16. Rfe1 Nd5 17. Qg4 Nxe3 18. Rxe3 Rd5 19. Qe4 g6 20. Rg3 Rg5
21. Rxg5 hxg5 22. d5 Rd8 23. c4 Qc6 24. Rd3 Qd6 25. dxe6 Qxe6 26. Rxd8+ Bxd8
27. Qxe6 fxe6 28. Bxg6 Kg7 29. Be4 b6 30. Kf1 Kf6 31. Ke2 Ke5 32. Kd3 Bf6 33.
b3 Kf4 34. h3 Bd4 1/2-1/2

[Event "25. Torneo San Viator 2015"]
[Site "Madrid ESP"]
[Date "2015.10.04"]
[Round "1.28"]
[White "Ingunza Curro, Andres"]
[Black "Soto Martin, Miguel"]
[Result "0-1"]
[WhiteElo "1459"]
[BlackElo "1881"]
[PlyCount "86"]
[EventDate "2015.10.04"]
[EventType "swiss"]
[EventRounds "9"]
[EventCountry "ESP"]
[Source "lmi"]
[SourceDate "2015.10.04"]

1. e4 c5 2. Nf3 d6 3. d4 cxd4 4. Nxd4 Nf6 5. Nc3 a6 6. Be3 e5 7. Nb3 Be6 8. Be2
Be7 9. O-O O-O 10. f4 b5 11. fxe5 dxe5 12. Nc5 Qb6 13. b4 Nbd7 14. Qe1 Bxc5 15.
bxc5 Nxc5 16. Qf2 Rac8 17. a4 b4 18. Rab1 a5 19. Bf3 Qc6 20. Nb5 Ncxe4 21. Na7
Qxc2 22. Bxe4 Nxe4 23. Qh4 Qd3 24. Rbe1 Rc4 25. Qh5 Nf6 26. Qxe5 Ng4 27. Qg3
Re4 28. Rf3 Nxe3 29. Rfxe3 Rxe3 30. Qxe3 Qxe3+ 31. Rxe3 b3 32. Nb5 Re8 33. Nc3
b2 34. Re1 Rc8 35. Rd1 g6 36. Rb1 Rxc3 37. Rxb2 Ra3 38. Kf1 Rxa4 39. Rb8+ Kg7
40. Ra8 Ra1+ 41. Ke2 Ra2+ 42. Ke3 Bd5 43. Ra7 Bxg2 0-1

[Event "25. Torneo San Viator 2015"]
[Site "Madrid ESP"]
[Date "2015.10.11"]
[Round "2.1"]
[White "Vazquez Gonzalez, Francisco"]
[Black "Renteria, Jorge"]
[Result "0-1"]
[WhiteElo "1929"]
[BlackElo "2244"]
[PlyCount "54"]
[EventDate "2015.10.04"]
[EventType "swiss"]
[EventRounds "9"]
[EventCountry "ESP"]
[Source "lmi"]
[SourceDate "2015.10.04"]

1. e4 d6 2. d4 Nf6 3. Nc3 e5 4. dxe5 dxe5 5. Qxd8+ Kxd8 6. Bc4 Bb4 7. f3 Ke7 8.
Bd2 a6 9. Nge2 Bd6 10. O-O Be6 11. Nd5+ Nxd5 12. Bxd5 Bxd5 13. exd5 Bc5+ 14.
Kh1 Rd8 15. c4 c6 16. Nc3 Bd4 17. Rad1 Nd7 18. Rfe1 Kf8 19. f4 f6 20. fxe5 Nxe5
21. Bf4 Bxc3 22. bxc3 Nxc4 23. d6 Rd7 24. Re4 b5 25. Rxc4 bxc4 26. Rd4 Re8 27.
Rxc4 Rb7 0-1

[Event "25. Torneo San Viator 2015"]
[Site "Madrid ESP"]
[Date "2015.10.11"]
[Round "2.2"]
[White "Lopez Ziegler, Carlos"]
[Black "Vallejo Nuno, Jorge"]
[Result "0-1"]
[WhiteElo "1925"]
[BlackElo "2087"]
[PlyCount "50"]
[EventDate "2015.10.04"]
[EventType "swiss"]
[EventRounds "9"]
[EventCountry "ESP"]
[Source "lmi"]
[SourceDate "2015.10.04"]

1. e4 e5 2. Nf3 f5 3. Nxe5 Qf6 4. Nc4 fxe4 5. Nc3 Qf7 6. Ne3 c6 7. d3 exd3 8.
Bxd3 d5 9. O-O Bd6 10. Re1 Ne7 11. Nexd5 cxd5 12. Nb5 O-O 13. Nxd6 Qxf2+ 14.
Kh1 Bg4 15. Qd2 Qh4 16. b4 Nbc6 17. b5 Nd4 18. Bf1 Qxe1 19. Qxe1 Nxc2 20. Bb2
Nxe1 21. Rxe1 b6 22. h3 Nf5 23. hxg4 Nxd6 24. Be2 Rae8 25. Kg1 Nxb5 0-1

[Event "25. Torneo San Viator 2015"]
[Site "Madrid ESP"]
[Date "2015.10.11"]
[Round "2.3"]
[White "Unciti Juan, Javier"]
[Black "Soderstrom, Henrik"]
[Result "1-0"]
[WhiteElo "2050"]
[BlackElo "1907"]
[PlyCount "59"]
[EventDate "2015.10.04"]
[EventType "swiss"]
[EventRounds "9"]
[EventCountry "ESP"]
[Source "lmi"]
[SourceDate "2015.10.04"]

1. d4 d5 2. Bg5 f6 3. Bf4 g5 4. Bg3 Nh6 5. e3 Bg4 6. f3 Bh5 7. c4 Nf5 8. Bf2
Bf7 9. cxd5 c6 10. dxc6 Nxc6 11. Nc3 e6 12. Bd3 Bg6 13. Nge2 Be7 14. h4 h5 15.
hxg5 fxg5 16. g4 Nh4 17. Bxg6+ Nxg6 18. gxh5 Nh4 19. Bxh4 Rxh5 20. Qd3 Kd7 21.
O-O-O gxh4 22. d5 exd5 23. Nxd5 Kc8 24. Nef4 Rh6 25. Qf5+ Kb8 26. Ne6 Qa5 27.
Qf4+ Kc8 28. Nxe7+ Nxe7 29. Qf8+ Qd8 30. Rxd8# 1-0

[Event "25. Torneo San Viator 2015"]
[Site "Madrid ESP"]
[Date "2015.10.11"]
[Round "2.4"]
[White "Garcia Galeote, Lorenzo"]
[Black "Cabanas Bravo, Juan Andres"]
[Result "1/2-1/2"]
[WhiteElo "1906"]
[BlackElo "2042"]
[PlyCount "167"]
[EventDate "2015.10.04"]
[EventType "swiss"]
[EventRounds "9"]
[EventCountry "ESP"]
[Source "lmi"]
[SourceDate "2015.10.04"]

1. Nf3 Nf6 2. b3 g6 3. Bb2 Bg7 4. g3 O-O 5. Bg2 d5 6. O-O c5 7. e3 Nc6 8. d3
Qc7 9. Nbd2 e5 10. e4 d4 11. a4 Rb8 12. Nc4 Ng4 13. h3 Nh6 14. Bc1 f5 15. exf5
Nxf5 16. Ng5 Nb4 17. Bd2 Bh6 18. Ne4 Bxd2 19. Qxd2 Ne7 20. Rac1 Be6 21. h4 Bxc4
22. bxc4 Rbe8 23. Bh3 Nf5 24. h5 b6 25. Qg5 Qg7 26. g4 h6 27. Qxg6 Qxg6 28.
hxg6 Nh4 29. Nd6 Re6 30. Nf5 Nf3+ 31. Kg2 e4 32. dxe4 Nd2 33. Rfe1 Rxe4 34.
Rxe4 Nxe4 35. Re1 Re8 36. Ng3 Nf6 37. Rxe8+ Nxe8 38. f4 Nxc2 39. Kf3 Nd6 40. g5
hxg5 41. Be6+ Kg7 42. f5 Ne8 43. Ne4 d3 44. Nxg5 Nf6 45. Bd5 Nd4+ 46. Ke3 Nxf5+
47. Kxd3 Kxg6 48. Ne4 Nxe4 49. Bxe4 Kf6 50. a5 bxa5 51. Kc3 Nd6 52. Bd5 Nc8 53.
Bc6 Ke5 54. Bb5 Ke4 55. Bc6+ Ke3 56. Bb5 Nb6 57. Be8 Ke2 58. Bh5+ Ke1 59. Bg4
a4 60. Be6 Kd1 61. Kb2 Kd2 62. Ka3 Kc3 63. Bf7 Nxc4+ 64. Kxa4 Kd4 65. Bg8 Ne3
66. Kb5 Nd5 67. Ka6 c4 68. Kxa7 c3 69. Bh7 Ke3 70. Bb1 Kd2 71. Ka6 Nb4+ 72. Kb5
Nc2 73. Ka4 Ne1 74. Kb3 Nd3 75. Kc4 Ne5+ 76. Kb3 Nc6 77. Kc4 Ne5+ 78. Kb3 Nd3
79. Kc4 Nb2+ 80. Kb3 Nd1 81. Bc2 Nf2 82. Bb1 Nd3 83. Kc4 Nc1 84. Bg6 1/2-1/2

[Event "25. Torneo San Viator 2015"]
[Site "Madrid ESP"]
[Date "2015.10.11"]
[Round "2.5"]
[White "Lopez De Turiso, Jose Angel"]
[Black "Padin Lazaro, Jose Manuel"]
[Result "1-0"]
[WhiteElo "2014"]
[BlackElo "1906"]
[PlyCount "65"]
[EventDate "2015.10.04"]
[EventType "swiss"]
[EventRounds "9"]
[EventCountry "ESP"]
[Source "lmi"]
[SourceDate "2015.10.04"]

1. f4 d5 2. Nf3 g6 3. d3 Bg7 4. g3 c5 5. Bg2 Nc6 6. O-O Nf6 7. Nc3 Bf5 8. Nh4
Bg4 9. h3 Bc8 10. e4 dxe4 11. dxe4 Qxd1 12. Rxd1 Nd4 13. Rd2 O-O 14. e5 Nh5 15.
Ne4 Rb8 16. c3 Ne6 17. Rf2 f5 18. exf6 Nxf6 19. Be3 b6 20. Rd1 Bb7 21. Nxf6+
exf6 22. f5 Bxg2 23. Kxg2 g5 24. Nf3 Rfd8 25. Rfd2 Rxd2+ 26. Rxd2 Nf8 27. c4
Kf7 28. g4 Ke7 29. Bf2 Rd8 30. Bg3 Rxd2+ 31. Nxd2 Nd7 32. Kf3 Bf8 33. Ke4 1-0

[Event "25. Torneo San Viator 2015"]
[Site "Madrid ESP"]
[Date "2015.10.11"]
[Round "2.6"]
[White "Garcia Martin, Esteban"]
[Black "Luque Ibanez, Manuel"]
[Result "1-0"]
[WhiteElo "1903"]
[BlackElo "2008"]
[PlyCount "83"]
[EventDate "2015.10.04"]
[EventType "swiss"]
[EventRounds "9"]
[EventCountry "ESP"]
[Source "lmi"]
[SourceDate "2015.10.04"]

1. c4 c5 2. Nc3 Nc6 3. g3 g6 4. Bg2 Bg7 5. d3 d6 6. e4 Nd4 7. h3 e6 8. Nge2 Ne7
9. O-O Nec6 10. Rb1 O-O 11. a3 a5 12. Kh2 Rb8 13. Be3 Bd7 14. f4 b5 15. cxb5
Nxb5 16. Nxb5 Rxb5 17. d4 cxd4 18. Nxd4 Nxd4 19. Bxd4 e5 20. Bc3 exf4 21. gxf4
Bxc3 22. bxc3 Qc7 23. Qd4 Rfb8 24. Rxb5 Rxb5 25. Rd1 Be6 26. Qxd6 Qxd6 27. Rxd6
Rb3 28. f5 Bc4 29. f6 h5 30. Rd8+ Kh7 31. Rc8 Rxc3 32. Bf1 Rc2+ 33. Kg1 Bb3 34.
Rxc2 Bxc2 35. Bc4 Bxe4 36. Bxf7 Bc2 37. h4 a4 38. Kf2 Kh6 39. Kg3 g5 40. Bxh5
gxh4+ 41. Kxh4 Bg6 42. f7 1-0

[Event "25. Torneo San Viator 2015"]
[Site "Madrid ESP"]
[Date "2015.10.11"]
[Round "2.7"]
[White "Castro Morell, Daniel Eduardo"]
[Black "Aguilera Lopez, Alejandro"]
[Result "0-1"]
[WhiteElo "1858"]
[BlackElo "1987"]
[PlyCount "68"]
[EventDate "2015.10.04"]
[EventType "swiss"]
[EventRounds "9"]
[EventCountry "ESP"]
[Source "lmi"]
[SourceDate "2015.10.04"]

1. Nf3 d5 2. d4 Nf6 3. c4 c6 4. e3 e6 5. Nc3 Bd6 6. Bd3 Nbd7 7. O-O O-O 8. Re1
dxc4 9. Bxc4 e5 10. dxe5 Nxe5 11. Nxe5 Bxe5 12. f4 Bxc3 13. bxc3 Bf5 14. Qb3 b5
15. Be2 Re8 16. Bf3 Ne4 17. g3 Qf6 18. a4 Nc5 19. Qa3 Nxa4 20. c4 Be4 21. Bxe4
Rxe4 22. cxb5 cxb5 23. Qd3 Rc4 24. Rb1 Rd8 25. Qf1 a6 26. Rb3 Qc6 27. Rd3 Rc8
28. Red1 h6 29. Rd8+ Rxd8 30. Rxd8+ Kh7 31. Bd2 Nc5 32. f5 Ne4 33. Be1 Rc1 34.
f6 Qxf6 0-1

[Event "25. Torneo San Viator 2015"]
[Site "Madrid ESP"]
[Date "2015.10.11"]
[Round "2.8"]
[White "Bustos Bernardo, Samuel"]
[Black "Yeves Miquel, Enrique"]
[Result "1-0"]
[WhiteElo "1964"]
[BlackElo "1758"]
[PlyCount "59"]
[EventDate "2015.10.04"]
[EventType "swiss"]
[EventRounds "9"]
[EventCountry "ESP"]
[Source "lmi"]
[SourceDate "2015.10.04"]

1. Nf3 c5 2. c4 Nc6 3. d4 cxd4 4. Nxd4 Qb6 5. Nb3 e6 6. Nc3 Nf6 7. a3 a6 8. e4
Na5 9. Nxa5 Qxa5 10. f3 d6 11. Be3 Bd7 12. b4 Qc7 13. Rc1 a5 14. Be2 axb4 15.
axb4 d5 16. exd5 Bxb4 17. dxe6 Bxe6 18. O-O Bc5 19. Bxc5 Qxc5+ 20. Kh1 O-O 21.
Qb3 Rfb8 22. Na4 Qe5 23. Rfe1 b5 24. Qb2 Qxb2 25. Nxb2 bxc4 26. Nxc4 g6 27. Ne5
Ra2 28. Bf1 Rab2 29. Nc6 Rc8 30. Ne7+ 1-0

[Event "25. Torneo San Viator 2015"]
[Site "Madrid ESP"]
[Date "2015.10.11"]
[Round "2.9"]
[White "Fernandez Rios, Jose Francisco"]
[Black "Andalon Gomez, Carlos J"]
[Result "0-1"]
[WhiteElo "1756"]
[BlackElo "1963"]
[PlyCount "130"]
[EventDate "2015.10.04"]
[EventType "swiss"]
[EventRounds "9"]
[EventCountry "ESP"]
[Source "lmi"]
[SourceDate "2015.10.04"]

1. d4 d5 2. c4 c6 3. Nf3 Nf6 4. e3 Bf5 5. cxd5 cxd5 6. Qb3 Qc7 7. Bd2 e6 8.
Bb5+ Nc6 9. O-O Bd6 10. Bb4 O-O 11. Bxc6 bxc6 12. Nbd2 a5 13. Bxd6 Qxd6 14. Qc3
Nd7 15. Rfc1 Rfc8 16. Nb3 a4 17. Nc5 f6 18. Nh4 Bg6 19. Nxg6 hxg6 20. b3 Nxc5
21. dxc5 Qe7 22. b4 e5 23. Qd3 Rcb8 24. Rab1 e4 25. Qd4 Rb5 26. a3 Kf7 27. Re1
Rh8 28. Qd1 Qe5 29. h3 Ra8 30. Qd4 Ke6 31. Rbd1 Qxd4 32. Rxd4 Rf8 33. h4 Rh8
34. g3 Rbb8 35. Rb1 Rb5 36. Kf1 g5 37. h5 Rxh5 38. Kg2 Ke5 39. Rdd1 Rb8 40. Rh1
Rxh1 41. Rxh1 d4 42. exd4+ Kxd4 43. Rd1+ Kc4 44. Rd7 Kb3 45. Rc7 Kxa3 46. Rxc6
Rxb4 47. Rb6 Rc4 48. c6 Rc2 49. Kf1 g4 50. Ke1 f5 51. Kd1 Rc5 52. Kd2 g5 53.
Ke3 Rc2 54. Kd4 Rxf2 55. Rb5 Rd2+ 56. Kc5 e3 57. Kb6 e2 58. c7 e1=Q 59. c8=Q
Rd6+ 60. Ka7 Qe7+ 61. Rb7 Qe3+ 62. Kb8 Rb6 63. Qf8+ Ka2 64. Qf7+ Qb3 65. Ka7
Rxb7+ 0-1

[Event "25. Torneo San Viator 2015"]
[Site "Madrid ESP"]
[Date "2015.10.11"]
[Round "2.10"]
[White "Barranco Martinez, Gabriel"]
[Black "Sotoca Aguado, Jose"]
[Result "0-1"]
[WhiteElo "1752"]
[BlackElo "1946"]
[PlyCount "136"]
[EventDate "2015.10.04"]
[EventType "swiss"]
[EventRounds "9"]
[EventCountry "ESP"]
[Source "lmi"]
[SourceDate "2015.10.04"]

1. d4 Nf6 2. c4 e6 3. Nc3 Bb4 4. Bg5 h6 5. Bxf6 Qxf6 6. Nf3 c5 7. e3 O-O 8. Be2
Nc6 9. O-O Bxc3 10. bxc3 b6 11. Nd2 Qg6 12. Bf3 Rb8 13. Bh5 Qd3 14. Qe2 Qxe2
15. Bxe2 f5 16. dxc5 bxc5 17. Nb3 Ne5 18. Rfd1 Nf7 19. Nxc5 d6 20. Nd3 e5 21.
Rab1 Be6 22. Nb4 Rfc8 23. Nd5 Kf8 24. Rxb8 Rxb8 25. Nc7 Ke7 26. Nd5+ Kd7 27.
Bd3 e4 28. Bc2 Ne5 29. Ba4+ Kd8 30. Nf4 Ke7 31. Nd5+ Kf7 32. Bb3 Nd3 33. Nb4
Nxb4 34. cxb4 Rxb4 35. Rxd6 Ke7 36. Rd4 a5 37. c5 Rb5 38. f3 exf3 39. gxf3 Rxc5
40. Ra4 Bd7 41. Rd4 Bc6 42. Kf2 Bd7 43. Rd5 Rxd5 44. Bxd5 Kd6 45. e4 fxe4 46.
fxe4 Be6 47. Bxe6 Kxe6 48. Ke3 Ke5 49. Kd3 g5 50. a4 g4 51. Ke3 h5 52. Kd3 h4
53. Ke3 h3 54. Kf2 Kxe4 55. Kg3 Kf5 56. Kf2 Kf4 57. Kg1 Ke3 58. Kf1 Kd3 59. Kf2
Kc4 60. Kg3 Kb4 61. Kxg4 Kxa4 62. Kxh3 Kb3 63. Kg4 a4 64. Kf5 a3 65. h4 a2 66.
h5 a1=Q 67. h6 Kc4 68. Kg6 Qh8 0-1

[Event "25. Torneo San Viator 2015"]
[Site "Madrid ESP"]
[Date "2015.10.11"]
[Round "2.11"]
[White "Lobato Rivero, Carlos"]
[Black "De La Torre Palomino, Luis"]
[Result "1-0"]
[WhiteElo "1992"]
[BlackElo "1603"]
[PlyCount "51"]
[EventDate "2015.10.04"]
[EventType "swiss"]
[EventRounds "9"]
[EventCountry "ESP"]
[Source "lmi"]
[SourceDate "2015.10.04"]

1. c4 c5 2. Nc3 Nc6 3. g3 g6 4. Bg2 Bg7 5. e3 e6 6. Nge2 Nge7 7. O-O O-O 8. d3
d5 9. cxd5 exd5 10. Qb3 Na5 11. Qc2 b6 12. Rd1 Bb7 13. d4 Qc7 14. b3 Rfd8 15.
Bb2 Rac8 16. Rac1 c4 17. Ba3 cxb3 18. axb3 a6 19. Bh3 f5 20. Nf4 Qd7 21. Bg2
Kh8 22. Qa2 Nac6 23. Na4 Nb8 24. Nxb6 Rxc1 25. Rxc1 Qe8 26. Rc7 1-0

[Event "25. Torneo San Viator 2015"]
[Site "Madrid ESP"]
[Date "2015.10.11"]
[Round "2.12"]
[White "Vazquez Gonzalez, Jesus"]
[Black "Guillo Longares, Cecilia"]
[Result "1/2-1/2"]
[WhiteElo "1978"]
[BlackElo "1809"]
[PlyCount "50"]
[EventDate "2015.10.04"]
[EventType "swiss"]
[EventRounds "9"]
[EventCountry "ESP"]
[Source "lmi"]
[SourceDate "2015.10.04"]

1. e4 c5 2. f4 Nc6 3. Nf3 g6 4. d3 Bg7 5. Be2 d6 6. O-O Nf6 7. c3 O-O 8. Nbd2
Bg4 9. h3 Bxf3 10. Nxf3 a6 11. Qe1 b5 12. g4 Qb6 13. Be3 b4 14. Qd2 Nd7 15. h4
Qa5 16. Rfc1 Nf6 17. Nh2 bxc3 18. bxc3 Rab8 19. Bf3 Rfc8 20. g5 Nd7 21. h5 Qa3
22. Rc2 Nb4 23. Rcc1 Nc6 24. Rc2 Nb4 25. Rcc1 Nc6 1/2-1/2

[Event "25. Torneo San Viator 2015"]
[Site "Madrid ESP"]
[Date "2015.10.11"]
[Round "2.13"]
[White "Lopez Ziegler, Juan Jose"]
[Black "Torres Samper, Rafael"]
[Result "0-1"]
[WhiteElo "1543"]
[BlackElo "1974"]
[PlyCount "102"]
[EventDate "2015.10.04"]
[EventType "swiss"]
[EventRounds "9"]
[EventCountry "ESP"]
[Source "lmi"]
[SourceDate "2015.10.04"]

1. d4 Nf6 2. Bf4 c5 3. e3 Qb6 4. Nc3 g6 5. Nb5 d6 6. Rb1 Bg7 7. dxc5 Qxc5 8.
Nf3 O-O 9. Be2 Bg4 10. Nc3 Nbd7 11. h3 Be6 12. Nd4 Bc4 13. O-O e5 14. b4 Qc8
15. Ndb5 Bxe2 16. Nxe2 exf4 17. Nxd6 Qc7 18. Nxf4 Ne5 19. Qd4 Nc6 20. Qc5 b6
21. Nb5 bxc5 22. Nxc7 Rac8 23. Ncd5 cxb4 24. Nxf6+ Bxf6 25. Nd5 Bc3 26. a3 a5
27. Nb6 Rcd8 28. axb4 Nxb4 29. Rb3 Bg7 30. c4 Rd3 31. Rfb1 Rfd8 32. Nd5 Rxb3
33. Rxb3 Nxd5 34. cxd5 Rxd5 35. Rb8+ Bf8 36. Ra8 Kg7 37. Kf1 Bb4 38. Ke2 Kf6
39. Kf3 Ke6 40. g4 Kd6 41. Ke4 Re5+ 42. Kf4 g5+ 43. Kf3 Kc6 44. Ra7 Re7 45.
Ra6+ Kb5 46. Rh6 a4 47. Rxh7 a3 48. Rh8 a2 49. Ra8 Ba5 50. Rb8+ Bb6 51. Ra8 Ra7
0-1

[Event "25. Torneo San Viator 2015"]
[Site "Madrid ESP"]
[Date "2015.10.11"]
[Round "2.14"]
[White "Cardena Contreras, Javier"]
[Black "Miguens Mata, Jose L"]
[Result "1-0"]
[WhiteElo "1892"]
[BlackElo "1526"]
[PlyCount "95"]
[EventDate "2015.10.04"]
[EventType "swiss"]
[EventRounds "9"]
[EventCountry "ESP"]
[Source "lmi"]
[SourceDate "2015.10.04"]

1. e4 e5 2. f4 Nc6 3. Nf3 Bc5 4. fxe5 Nxe5 5. Nxe5 Qh4+ 6. g3 Qxe4+ 7. Qe2 Qxh1
8. Ng6+ Be7 9. Nxh8 d6 10. Nc3 Nf6 11. d4 Bh3 12. Bf4 Bxf1 13. Qxf1 Qxf1+ 14.
Kxf1 Kf8 15. Kg2 Kg8 16. Nxf7 Kxf7 17. Rf1 c6 18. Bd2 d5 19. Nd1 Re8 20. Nf2
Bd6 21. Kf3 Ne4 22. Be3 Kg8 23. Ke2 Bxg3 24. Nxe4 Bxh2 25. Nd2 g5 26. Kd3 g4
27. Rf5 g3 28. Bf4 h6 29. Nf3 Rf8 30. Rxf8+ Kxf8 31. Nxh2 gxh2 32. Bxh2 Kf7 33.
Ke3 Kf6 34. Kf4 a6 35. Kg4 h5+ 36. Kxh5 Kf5 37. Bg1 Ke4 38. Kg4 b6 39. Kg3 b5
40. b4 Kf5 41. Kf3 Kg5 42. Be3+ Kf5 43. Bf4 Ke6 44. Kg4 Kf6 45. Be5+ Kg6 46.
Bh8 Kh7 47. Kf5 Kxh8 48. Ke6 1-0

[Event "25. Torneo San Viator 2015"]
[Site "Madrid ESP"]
[Date "2015.10.11"]
[Round "2.15"]
[White "Linares Leyva, David"]
[Black "Cervino Rossel, Cristobal"]
[Result "0-1"]
[WhiteElo "1773"]
[BlackElo "2114"]
[PlyCount "110"]
[EventDate "2015.10.04"]
[EventType "swiss"]
[EventRounds "9"]
[EventCountry "ESP"]
[Source "lmi"]
[SourceDate "2015.10.04"]

1. Nf3 Nf6 2. c4 b6 3. g3 Bb7 4. Bg2 g6 5. O-O Bg7 6. d4 O-O 7. Nc3 Ne4 8. Qc2
Nxc3 9. Qxc3 c5 10. e3 Bxf3 11. Bxf3 Nc6 12. Rd1 Rc8 13. Bxc6 Rxc6 14. Qd3 cxd4
15. exd4 d5 16. cxd5 Qxd5 17. Be3 Rd8 18. Qa3 Rc7 19. b3 Rcd7 20. Rac1 h5 21.
h4 Qf3 22. Re1 Bf6 23. Qa6 Qg4 24. Qe2 Qxe2 25. Rxe2 e6 26. Rec2 Bxd4 27. Bxd4
Rxd4 28. Rc8 Kg7 29. Rxd8 Rxd8 30. Rc7 a6 31. Rc6 Rb8 32. b4 Rb7 33. a4 Kf6 34.
b5 axb5 35. axb5 Ke5 36. Kf1 Kd5 37. Ke2 Ke4 38. Kd2 Kd5 39. Kd3 Rd7 40. Ke3
Rd6 41. Rc7 f5 42. Kf4 e5+ 43. Kg5 Ke4 44. Rc6 Rd2 45. Kxg6 Rxf2 46. Rxb6 Rg2
47. Kxh5 Rxg3 48. Rf6 Rg8 49. b6 f4 50. b7 f3 51. Rb6 f2 52. b8=Q Rxb8 53. Rxb8
f1=Q 54. Rb4+ Kf5 55. Rb8 Qd1+ 0-1

[Event "25. Torneo San Viator 2015"]
[Site "Madrid ESP"]
[Date "2015.10.11"]
[Round "2.16"]
[White "Cid Garcia, Ramon"]
[Black "Perez Sempere, Alberto"]
[Result "1/2-1/2"]
[WhiteElo "1958"]
[BlackElo "1774"]
[PlyCount "108"]
[EventDate "2015.10.04"]
[EventType "swiss"]
[EventRounds "9"]
[EventCountry "ESP"]
[Source "lmi"]
[SourceDate "2015.10.04"]

1. c4 e6 2. g3 c6 3. Nf3 d5 4. b3 Nf6 5. Bg2 g6 6. Bb2 Bg7 7. d3 O-O 8. O-O
Nbd7 9. Qc2 a5 10. a3 b6 11. Nbd2 Bb7 12. Rac1 c5 13. e3 Re8 14. d4 Rc8 15. Qb1
Ne4 16. Nxe4 dxe4 17. Nd2 f5 18. b4 axb4 19. axb4 Rb8 20. dxc5 bxc5 21. Bxg7
Kxg7 22. Qb2+ Kg8 23. b5 Qf6 24. Qxf6 Nxf6 25. Nb3 Nd7 26. Rfd1 Red8 27. Bf1
Kf7 28. Ra1 Ra8 29. Rxa8 Bxa8 30. Ra1 Ke8 31. Be2 Bb7 32. Ra7 Rb8 33. Kf1 Kd8
34. Na5 Kc7 35. Nc6 Ra8 36. Rxa8 Bxa8 37. Na5 Kb6 38. Nb3 Ne5 39. Ke1 h6 40. h3
g5 41. Kd2 Nf3+ 42. Kc3 h5 43. Bxf3 exf3 44. h4 g4 45. Nd2 e5 46. e4 fxe4 47.
Nf1 Bb7 48. Ne3 Ka5 49. Kb3 Bc8 50. Nd5 Be6 51. Ne3 Bf7 52. Kc3 Kb6 53. Nf1 Be6
54. Ne3 Ka5 1/2-1/2

[Event "25. Torneo San Viator 2015"]
[Site "Madrid ESP"]
[Date "2015.10.11"]
[Round "2.17"]
[White "Lozano Osorio, Isaac"]
[Black "Sirera Ripoll, Jose Luis"]
[Result "1-0"]
[WhiteElo "1947"]
[BlackElo "1749"]
[PlyCount "56"]
[EventDate "2015.10.04"]
[EventType "swiss"]
[EventRounds "9"]
[EventCountry "ESP"]
[Source "lmi"]
[SourceDate "2015.10.04"]

1. d4 Nf6 2. Nf3 g6 3. g3 c6 4. c4 d5 5. Bg2 Bg7 6. O-O O-O 7. b3 Nbd7 8. Nc3
Nb6 9. c5 Nbd7 10. b4 Re8 11. Bb2 e5 12. dxe5 Ng4 13. e4 Ndxe5 14. Nxe5 Nxe5
15. exd5 Nc4 16. Qc1 Nxb2 17. Qxb2 cxd5 18. Qd2 d4 19. Nb5 Bf5 20. Nd6 Qc7 21.
Bxb7 d3 22. Rae1 Rxe1 23. Rxe1 Rd8 24. Be4 Be6 25. Re3 Bh6 26. f4 a5 27. a3
axb4 28. axb4 Ra8 1-0

[Event "25. Torneo San Viator 2015"]
[Site "Madrid ESP"]
[Date "2015.10.11"]
[Round "2.18"]
[White "Luna Hermoso, Angel"]
[Black "Lopez Benitez, David"]
[Result "1-0"]
[WhiteElo "1919"]
[BlackElo "1731"]
[PlyCount "81"]
[EventDate "2015.10.04"]
[EventType "swiss"]
[EventRounds "9"]
[EventCountry "ESP"]
[Source "lmi"]
[SourceDate "2015.10.04"]

1. e4 d6 2. d4 Nf6 3. Nc3 g6 4. Bg5 Bg7 5. e5 Nfd7 6. Nf3 h6 7. Bh4 Nc6 8. e6
fxe6 9. Bc4 d5 10. Bd3 Kf7 11. O-O Nf6 12. Ne5+ Nxe5 13. dxe5 Nd7 14. f4 c5 15.
Qg4 Nf8 16. Rf2 Qb6 17. Raf1 c4 18. Be2 Bd7 19. Kh1 Qxb2 20. Qg3 b5 21. f5 exf5
22. Rb1 Qa3 23. Nxd5 Qxg3 24. Bxg3 e6 25. Nc7 Rc8 26. Nxb5 Ke7 27. Nd6 Rc5 28.
Nxc4 g5 29. Bh5 Rxc4 30. Rd2 Rc5 31. Bf2 Ra5 32. Rb7 Bxe5 33. Bxa7 Bd6 34. c4
Bc5 35. Bb8 Ra4 36. Rc7 Rxc4 37. Rxc5 Rxc5 38. Bd6+ Kf6 39. Bxc5 Bc6 40. Rd8
Kg7 41. Bd4+ 1-0

[Event "25. Torneo San Viator 2015"]
[Site "Madrid ESP"]
[Date "2015.10.11"]
[Round "2.19"]
[White "Clavero Alarcon, Jose Miguel"]
[Black "Gil Calvente, Jose Antonio"]
[Result "1-0"]
[WhiteElo "1873"]
[BlackElo "1723"]
[PlyCount "49"]
[EventDate "2015.10.04"]
[EventType "swiss"]
[EventRounds "9"]
[EventCountry "ESP"]
[Source "lmi"]
[SourceDate "2015.10.04"]

1. c4 b6 2. Nc3 Bb7 3. e4 e6 4. Nge2 Nf6 5. d3 Be7 6. Nf4 Nc6 7. Be2 O-O 8. Be3
d5 9. cxd5 exd5 10. Ncxd5 Nxd5 11. Nxd5 Bd6 12. O-O Re8 13. Bh5 Re5 14. f4 Rxd5
15. exd5 Nb4 16. Bd4 Qh4 17. g3 Qh3 18. Bg4 Qh6 19. Qe2 Nxd5 20. Rae1 Rd8 21.
Bf3 c6 22. a3 g5 23. Bxd5 cxd5 24. fxg5 Qxg5 25. Bf6 1-0

[Event "25. Torneo San Viator 2015"]
[Site "Madrid ESP"]
[Date "2015.10.11"]
[Round "2.20"]
[White "Garcia Sanjuan, Jose"]
[Black "Fernandez Garcia, Emilio"]
[Result "0-1"]
[WhiteElo "1850"]
[BlackElo "1686"]
[PlyCount "170"]
[EventDate "2015.10.04"]
[EventType "swiss"]
[EventRounds "9"]
[EventCountry "ESP"]
[Source "lmi"]
[SourceDate "2015.10.04"]

1. Nf3 Nf6 2. b3 g6 3. Bb2 Bg7 4. d4 O-O 5. Nbd2 d5 6. Ne5 Nbd7 7. Ndf3 Nxe5 8.
Nxe5 Ng4 9. Nd3 Nf6 10. h3 c6 11. e3 Qa5+ 12. b4 Qc7 13. Be2 Bf5 14. Ne5 Nd7
15. g4 Be6 16. Nd3 f6 17. h4 Bf7 18. g5 Rfe8 19. f4 f5 20. h5 e6 21. hxg6 Bxg6
22. Bh5 Nf8 23. Qd2 Bxh5 24. Rxh5 a5 25. Bc3 a4 26. a3 Re7 27. Qh2 Bh8 28. Kd2
b5 29. Rg1 Ng6 30. Ne1 Rd7 31. Nf3 Rg7 32. Rh1 Rf7 33. Rh6 Rg7 34. Ng1 Qf7 35.
Ne2 Nf8 36. Ng3 Rg6 37. Rh3 Ra7 38. Ne2 Re7 39. Ng1 Rg7 40. Nf3 Ng6 41. Rh6 Qe8
42. Rg1 Qf7 43. Qg3 Qe8 44. Nh2 Qf7 45. Qf3 Qe8 46. Nf1 Nf8 47. Ng3 Rg6 48. Rh3
Qf7 49. Rgh1 Rg7 50. Kd3 Qe8 51. Be1 Qf7 52. c3 Qe8 53. Nh5 Rg6 54. Bh4 Rc7 55.
Rg3 Ra7 56. Rhg1 Rc7 57. Nf6+ Bxf6 58. gxf6 Rxg3 59. Rxg3+ Ng6 60. Qh5 Qf7 61.
Qh6 Kh8 62. Bg5 Kg8 63. Rh3 Kh8 64. Qh5 Kg8 65. Qf3 Kh8 66. Rh6 Kg8 67. Qh5 Ra7
68. Bh4 Nxh4 69. Qxh4 Kh8 70. Qg5 Ra8 71. Qg7+ Qxg7 72. fxg7+ Kxg7 73. Rxe6 h5
74. Ke2 h4 75. Kf2 Rg8 76. Rxc6 Kh7 77. Rf6 h3 78. Rxf5 Kh6 79. Rg5 Rxg5 80.
fxg5+ Kxg5 81. c4 dxc4 82. d5 Kf6 83. e4 Ke5 84. Kg3 h2 85. Kxh2 c3 0-1